| 000 | 00964nam a2200265 a 4500 | ||
|---|---|---|---|
| 001 | 70622 | ||
| 003 | BD-RjUL | ||
| 005 | 20211209082025.0 | ||
| 008 | 170418s1933 nyua b 001 0 eng | ||
| 035 | _a(BD-RjUL)70836 | ||
| 040 |
_aDLC _cWSU _dOCL _dm/c _dBD-RjUL _beng |
||
| 041 | _aeng | ||
| 082 |
_a530 _223 _bSLI 1933 |
||
| 100 | 1 |
_aSlater, John C. _q(John Clarke), _d1900-1976. _9159201 |
|
| 245 | 1 | 0 |
_aIntroduction to theoretical physics / _cby John C. Slater and Nathaniel H. Frank ... |
| 260 |
_aLondon : _bMcGraw-Hill Book Company, Inc., _c1933. |
||
| 300 |
_axx, 576 p. : _bill. ; _c24 cm. |
||
| 490 | _aInternational series in pure and applied physics | ||
| 504 | _a"Suggested references": p. 561-563. | ||
| 650 | 0 |
_aPhysics. _9209032 |
|
| 700 | 1 |
_aFrank, Nathaniel H. _q(Nathaniel Herman), _d1903-1984. _9167775 |
|
| 740 | 0 | _aTheoretical physics, Introduction to | |
| 830 | 0 |
_aInternational series in pure and applied physics _9154746 |
|
| 942 |
_2ddc _cBK |
||
| 999 |
_c70622 _d70622 |
||